000 00724nam a2200277 a 4500
003 AR-BaBNM
005 20251128203303.0
008 082120s2002 ||||||||||||||000 | spa||
020 _a84-272-4201-8
040 _cAR-BaBNM
100 1 _aLamblin, Pierre
245 0 0 _aMisterio de las pinturas robadas
260 _aBarcelona
_bMolino
_c1974
300 _a176 p.
_bil.
490 0 _aLos reportajes de Santi Roger
_vv. 1
650 4 _aLITERATURA INFANTIL
650 4 _aLIBROS PARA NIÑOS
650 4 _aCUENTOS DE AVENTURAS
653 _aNARRATIVA
653 _aGENERO POLICIAL
655 _aLITERATURA
700 1 _aGiménez, M.
_etraductor
700 0 _aEscolano
_eilustrador
942 _cBK
998 _cMARTIN
999 _c2727
_d2727